000 00696nam a2200289Ia 4500
005 20260324131335.0
008 008 260324s9999 xx 000 0 eng d
020 _a9781003117179
037 _aEBOOK
040 _aCRL
040 _beng
040 _cCRL
041 _2eng
041 _aeng
084 _qCRL
100 _aVictoria Carrington
_91185149
245 0 _aRethinking Middle Years
245 0 _bEarly adolescents, schooling and digital culture
260 _bTaylor and Francis
260 _c2006
365 _a
365 _b230
856 _uhttp://www.taylorfrancis.com/books/9781003117179
942 _cEBOOK
999 _c1782199
_d1782199